000 01409nam a2200325 a 4500
001 60568
003 BD-RjUL
005 20211209080846.0
008 980805s1999 caua b 001 0 eng
020 _a0803990456 (cloth : acidfree paper)
020 _a0761986138 (pbk. : acidfree paper)
035 _a(BD-RjUL)60692
040 _aDLC
_cDLC
_dDLC
_beng
041 _aeng
082 0 0 _a378.12
_bSOC 1999
245 0 4 _aThe social worlds of higher education :
_bhandbook for teaching in a new century /
_cedited by Bernice A. Pescosolido, Ronald Aminzade.
260 _aThousand Oaks, Calif. :
_bPine Forge Press,
_cc1999.
300 _axli, 646 p. :
_bill. ;
_c24 cm. +
_e1 computer laser optical disc (4 3/4 in.)
504 _aIncludes bibliographical references and index.
650 0 _aCollege teaching
_xSocial aspects
_zUnited States.
_9180387
650 0 _aCollege teachers
_zUnited States
_xSocial conditions.
_9180388
650 0 _aEducation, Higher
_xSocial aspects
_zUnited States.
_9180389
650 0 _aEducational change
_zUnited States.
_9180390
700 1 _aPescosolido, Bernice A.
_9180391
700 1 _aAminzade, Ronald,
_d1949-
_9180392
856 4 2 _3Publisher description
_uhttp://www.loc.gov/catdir/enhancements/fy0656/98025533-d.html
856 4 1 _3Table of contents only
_uhttp://www.loc.gov/catdir/enhancements/fy0656/98025533-t.html
942 _2ddc
_cBK
999 _c60568
_d60568